书目信息 |
| 题名: |
沉管法隧道设计标准= Standarg for design of immersed tunnel GB/T 51318-2019
|
|
| 作者: | ;中国住房和城乡建设部 主编 | |
| 分册: | ||
| 出版信息: | 北京 中国建筑工业出版社 2019.07 |
|
| 页数: | 95页 | |
| 开本: | 20cm | |
| 丛书名: | 中华人民共和国国家标准 ; GB/T 51318-2019 | |
| 单 册: | ||
| 中图分类: | U459.9-65 | |
| 科图分类: | ||
| 主题词: | 隧道工程 | |
| 电子资源: | ||
| ISBN: | ||
| 000 | 00912nam0 2200217 450 | |
| 001 | 2039936258 | |
| 005 | 20201103110751.62 | |
| 010 | @dCNY26.00 | |
| 100 | @a20201103d2019 km y0chiy0120 ea | |
| 101 | 0 | @achi |
| 102 | @aCN@b110000 | |
| 200 | 1 | @a沉管法隧道设计标准= Standarg for design of immersed tunnel GB/T 51318-2019@AChen Guan Fa Sui Dao She Ji Biao Zhun=Standarg for design of immersed tunnel GB/T 51318-2019@f中国住房和城乡建设部主编@FZhong Guo Zhu Fang He Cheng Xiang Jian She Bu Zhu Bian |
| 210 | @a北京@c中国建筑工业出版社@d2019.07 | |
| 215 | @a95页@d20cm | |
| 225 | 2 | @a中华人民共和国国家标准 ; GB/T 51318-2019 |
| 410 | 0 | @12001 @a中华人民共和国国家标准 ; GB/T 51318-2019 |
| 606 | 0 | @a隧道工程 |
| 690 | @aU459.9-65@v4 | |
| 711 | 02 | @a中国住房和城乡建设部@AZhong Guo Zhu Fang He Cheng Xiang Jian She Bu@4主编 |
| 801 | 0 | @aCN@b大连网信软件有限公司图书馆·11@c20201103 |
| 905 | @aZUCC@dU459.9-65@eZ661 | |
| 沉管法隧道设计标准= Standarg for design of immersed tunnel GB/T 51318-2019/中国住房和城乡建设部主编.-北京:中国建筑工业出版社,2019.07 |
| 95页;20cm.-(中华人民共和国国家标准 ; GB/T 51318-2019) |
| ISBN :CNY26.00 |
| ● |
| 相关链接 |
|
|
|
正题名:沉管法隧道设计标准= Standarg for design
索取号:U459.9-65/Z661
 
预约/预借
| 序号 | 登录号 | 条形码 | 馆藏地/架位号 | 状态 | 备注 |
| 1 | 1502226 | 215022268 | 管理学院资料室/ [索取号:U459.9-65/Z661] | 在馆 |